[Event "Titled Tuesday intern op 16th Apr Early"]
[Site "Chess.com INT"]
[Date "2024.04.16"]
[Round "2"]
[White "Tabatabaei, Mohammad Amin"]
[Black "Dowgird, Filip"]
[Result "1-0"]
[WhiteElo "2707"]
[BlackElo "2348"]
[PlyCount "79"]
[EventDate "2024.04.16"]
[EventType "swiss (blitz)"]
[EventRounds "11"]
[EventCountry "USA"]
[SourceTitle "CB17_2024"]
[SourceDate "2024.04.24"]
[SourceVersion "1"]
[SourceVersionDate "2024.04.24"]
[SourceQuality "1"]

1. Nf3 d6 2. d4 Bg4 3. e4 Nf6 4. Nc3 c6 5. h3 Bh5 6. g4 Bg6 7. Qe2 e6 8. Bg2 d5 9. exd5 Nxd5 10. Ne5 Nxc3 11. bxc3 Nd7 12. Nxg6 hxg6 13. 0-0 Nf6 14. Rb1 Qc7 15. c4 Rd8 16. Rd1 Be7 17. Qf3 Rd7 18. Bf4 Bd6 19. Bg5 Nh7 20. Be3 0-0 21. c5 Bh2+ 22. Kh1 g5 23. h4 gxh4 24. g5 g6 25. Qg4 Kg7 26. Bh3 Rh8 27. Kg2 Qb8 28. Qxh4 Nf8 29. Qg4 Rh5 30. f4 Rd5 31. Rh1 Rdxg5 32. fxg5 Bc7 33. Qf3 Nh7 34. Bg4 Nxg5 35. Bxg5 Rxg5 36. Rh7+ Kxh7 37. Qxf7+ Kh6 38. Rh1+ Rh5 39. Bxh5 gxh5 40. Rxh5# 1-0

[Event "Titled Tuesday intern op 12th Mar Late"]
[Site "Chess.com INT"]
[Date "2024.03.12"]
[Round "4"]
[White "Dowgird, Filip"]
[Black "Lazavik, Denis"]
[Result "0-1"]
[WhiteElo "2348"]
[BlackElo "2567"]
[PlyCount "90"]
[EventDate "2024.03.12"]
[EventType "swiss (blitz)"]
[EventRounds "11"]
[EventCountry "USA"]
[SourceTitle "CB12_2024"]
[SourceDate "2023.10.01"]
[SourceVersion "1"]
[SourceVersionDate "2023.10.01"]
[SourceQuality "1"]

1. d4 f5 2. Bg5 h6 3. Bh4 g5 4. e3 Bg7 5. Bg3 c5 6. c3 Qb6 7. Qb3 Qxb3 8. axb3 cxd4 9. Bxb8 Rxb8 10. exd4 a6 11. Nd2 Nf6 12. h4 g4 13. Bd3 d6 14. f4 gxf3 15. Ngxf3 0-0 16. 0-0 b5 17. b4 Ng4 18. Nh2 Nxh2 19. Kxh2 e5 20. dxe5 dxe5 21. Nb3 e4 22. Be2 Rb6 23. Nc5 Be5+ 24. Kh1 Rd6 25. Rad1 Rfd8 26. Rxd6 Rxd6 27. Rd1 Kg7 28. Kg1 Rxd1+ 29. Bxd1 Bg3 30. h5 Kf6 31. Kf1 Ke5 32. Bc2 e3 33. Ke2 f4 34. Be4 Bh4 35. Bf3 Bg5 36. Nd3+ Kd6 37. b3 Be6 38. Nc5 Bg8 39. Ne4+ Ke5 40. Nc5 Be7 41. Nd3+ Kf5 42. Nc1 Bf6 43. Kd3 Ke5 44. c4 Bh7+ 45. Kc3 Kd6# 0-1

[Event "Titled Tuesday intern op 12th Mar Late"]
[Site "Chess.com INT"]
[Date "2024.03.12"]
[Round "3"]
[White "Labussiere, Yago"]
[Black "Dowgird, Filip"]
[Result "0-1"]
[WhiteElo "2184"]
[BlackElo "2348"]
[PlyCount "74"]
[EventDate "2024.03.12"]
[EventType "swiss (blitz)"]
[EventRounds "11"]
[EventCountry "USA"]
[SourceTitle "CB12_2024"]
[SourceDate "2023.10.01"]
[SourceVersion "1"]
[SourceVersionDate "2023.10.01"]
[SourceQuality "1"]

1. c4 e5 2. Nc3 Nf6 3. Nf3 Nc6 4. e4 Bb4 5. d3 Bxc3+ 6. bxc3 d6 7. g3 h6 8. Bg2 Be6 9. h3 a6 10. a4 Rb8 11. 0-0 0-0 12. Be3 Qd7 13. Kh2 b5 14. axb5 axb5 15. cxb5 Rxb5 16. Rb1 Ra5 17. Qc2 Rfa8 18. Rb2 d5 19. Rfb1 Ra4 20. exd5 Nxd5 21. Bc5 Bf5 22. Nd2 Nf6 23. Ne4 Nxe4 24. dxe4 Be6 25. f4 exf4 26. gxf4 Bc4 27. Rd1 Qe8 28. e5 Ra2 29. Rdb1 Rxb2 30. Rxb2 Rd8 31. Qe4 Bd5 32. Qxd5 Rxd5 33. Bxd5 Nxe5 34. fxe5 Qxe5+ 35. Kg1 Qxd5 36. Bd4 Qg5+ 37. Kh2 c5 0-1

[Event "Titled Tuesday intern op 19th Dec Early"]
[Site "Chess.com INT"]
[Date "2023.12.19"]
[Round "6"]
[White "Dowgird, Filip"]
[Black "Harutjunyan, Gevorg"]
[Result "0-1"]
[WhiteElo "2348"]
[BlackElo "2358"]
[PlyCount "48"]
[EventDate "2023.12.19"]
[EventType "swiss (blitz)"]
[EventRounds "11"]
[EventCountry "USA"]
[SourceTitle "CB52_2023"]
[SourceDate "2023.12.27"]
[SourceVersion "1"]
[SourceVersionDate "2023.12.27"]
[SourceQuality "1"]

1. d4 Nf6 2. Bf4 d6 3. e3 c5 4. c3 Qb6 5. Qb3 Be6 6. Qxb6 axb6 7. Na3 Nd5 8. Bg3 Nxc3 9. Nb5 Nxb5 10. Bxb5+ Bd7 11. Bd3 Nc6 12. Ne2 Nb4 13. Bb1 g6 14. a3 Bg7 15. Kd2 Nc6 16. Kc3 cxd4+ 17. Nxd4 Nxd4 18. exd4 Rc8+ 19. Kd3 0-0 20. Re1 Rfe8 21. Bf4 e5 22. dxe5 dxe5 23. Be3 e4+ 24. Ke2 Bxb2 0-1

[Event "Titled Tuesday intern op 14th Nov Early"]
[Site "Chess.com INT"]
[Date "2023.11.14"]
[Round "7"]
[White "Dowgird, Filip"]
[Black "Klukin, Kirill"]
[Result "1/2-1/2"]
[WhiteElo "2348"]
[BlackElo "2390"]
[PlyCount "236"]
[EventDate "2023.11.14"]
[EventType "swiss (blitz)"]
[EventRounds "11"]
[EventCountry "USA"]
[SourceTitle "CB47_2023"]
[SourceDate "2023.11.22"]
[SourceVersion "1"]
[SourceVersionDate "2023.11.22"]
[SourceQuality "1"]

1. d4 Nf6 2. Bg5 e6 3. Nd2 d5 4. c3 Be7 5. e3 c5 6. Bd3 Nc6 7. Ngf3 h6 8. Bh4 0-0 9. 0-0 b6 10. a4 Bb7 11. Qb1 Nd7 12. Bg3 Bf6 13. Re1 e5 14. dxe5 Ndxe5 15. Bb5 a6 16. Bxc6 Nxc6 17. e4 Re8 18. e5 Be7 19. Qf5 Bc8 20. Qh5 Be6 21. Nh4 Qd7 22. h3 Kh7 23. f4 g6 24. Qe2 f5 25. Nhf3 Qb7 26. Bh4 Bf8 27. Qf2 Be7 28. Kh2 Bxh4 29. Qxh4 Rad8 30. Ng5+ Kg7 31. Nxe6+ Rxe6 32. g4 Rf8 33. Rg1 Qe7 34. Nf3 Qxh4 35. Nxh4 fxg4 36. Rxg4 Ne7 37. Rag1 h5 38. Rg5 Rxf4 39. Rxh5 Rf2+ 40. Kh1 Nc6 41. Nf5+ Kg8 42. Rhg5 Nxe5 43. Nh4 Kf7 44. b4 Nf3 45. Nxf3 Rxf3 46. Rxd5 Rxh3+ 47. Kg2 Rxc3 48. Rf1+ Rf6 49. Rb1 Rc2+ 50. Kg3 Rc3+ 51. Kg2 Rc4 52. bxc5 Rxc5 53. Rd7+ Ke6 54. Rb7 Rg5+ 55. Kh3 b5 56. axb5 axb5 57. R7xb5 Rff5 58. Re1+ Kf6 59. Rb6+ Kg7 60. Re7+ Rf7 61. Rxf7+ Kxf7 62. Kh4 Ra5 63. Kg4 Kg7 64. Kh4 Kh6 65. Kg4 Ra4+ 66. Kg3 Kg5 67. Rb5+ Kf6 68. Rb6+ Kf5 69. Rb5+ Ke6 70. Rb6+ Kf7 71. Rb7+ Kf6 72. Rb6+ Kg7 73. Rb7+ Kh6 74. Rb5 Rc4 75. Ra5 Rd4 76. Rb5 Rd1 77. Ra5 Rg1+ 78. Kh3 Rh1+ 79. Kg4 Rf1 80. Rb5 Rg1+ 81. Kh4 Rh1+ 82. Kg4 Rd1 83. Ra5 Rd4+ 84. Kg3 g5 85. Ra8 Rd3+ 86. Kg4 Rd4+ 87. Kg3 Rb4 88. Rc8 Kg6 89. Rc6+ Kh5 90. Rc3 Rg4+ 91. Kh3 Ra4 92. Rb3 Ra1 93. Kg3 Rg1+ 94. Kh3 Rg4 95. Rb8 Rh4+ 96. Kg3 Kg6 97. Rb6+ Kh5 98. Rb8 Ra4 99. Rh8+ Kg6 100. Rg8+ Kh6 101. Rh8+ Kg7 102. Rb8 Rd4 103. Ra8 Re4 104. Ra6 Kf7 105. Rb6 Rf4 106. Ra6 Kg7 107. Rb6 Rf6 108. Rxf6 Kxf6 109. Kg4 Kg6 110. Kg3 Kf5 111. Kf3 g4+ 112. Kg3 Kg5 113. Kg2 Kf4 114. Kf2 g3+ 115. Kg2 Kg4 116. Kg1 Kf3 117. Kf1 g2+ 118. Kg1 Kg3 1/2-1/2

[Event "Titled Tuesday intern op 27th Sep Early"]
[Site "Chess.com INT"]
[Date "2022.09.27"]
[Round "3"]
[White "Dowgird, Filip"]
[Black "Bluebaum, Matthias"]
[Result "0-1"]
[WhiteElo "2348"]
[BlackElo "2647"]
[PlyCount "102"]
[EventDate "2022.09.27"]
[EventType "swiss (blitz)"]
[EventRounds "11"]
[EventCountry "USA"]
[SourceTitle "CBM 210 Extra"]
[Source "ChessBase"]
[SourceDate "2022.11.30"]
[SourceVersion "1"]
[SourceVersionDate "2022.11.30"]
[SourceQuality "1"]

1. d4 Nf6 2. Bf4 d5 3. e3 c5 4. c3 Nc6 5. Nd2 Bf5 6. Ngf3 e6 7. Nh4 Be4 8. f3 Bg6 9. Qb3 Qc8 10. Nxg6 hxg6 11. h3 Be7 12. g4 Nd7 13. 0-0-0 cxd4 14. exd4 Nxd4 15. Qa4 Nc6 16. Kb1 a6 17. Qc2 b5 18. Nb3 Qb7 19. Bd3 a5 20. Bxg6 a4 21. Nc1 fxg6 22. Qxg6+ Kf8 23. Qxe6 Nf6 24. g5 Qd7 25. Qxd7 Nxd7 26. Rxd5 Nb6 27. Rxb5 Nc4 28. h4 g6 29. Bg3 Kf7 30. Rd1 Rhd8 31. Rxd8 Rxd8 32. Bf4 Rd1 33. Kc2 Rf1 34. Nd3 Rxf3 35. Bc1 Rh3 36. b3 axb3+ 37. axb3 Rh2+ 38. Kd1 Nd6 39. Rb6 Na5 40. Bf4 Rh1+ 41. Ke2 Ne4 42. Ne5+ Ke8 43. Nxg6 Nxc3+ 44. Kf3 Nd5 45. Rb5 Nxf4 46. Kxf4 Nc6 47. Kg4 Bd6 48. h5 Rg1+ 49. Kh3 Nd4 50. Rd5 Rg3+ 51. Kh2 Nf3+ 0-1

[Event "Titled Tuesday intern op 27th Sep Early"]
[Site "Chess.com INT"]
[Date "2022.09.27"]
[Round "8"]
[White "Dowgird, Filip"]
[Black "Malek, Jan"]
[Result "0-1"]
[WhiteElo "2348"]
[BlackElo "2339"]
[PlyCount "52"]
[EventDate "2022.09.27"]
[EventType "swiss (blitz)"]
[EventRounds "11"]
[EventCountry "USA"]
[SourceTitle "CBM 210 Extra"]
[Source "ChessBase"]
[SourceDate "2022.11.30"]
[SourceVersion "1"]
[SourceVersionDate "2022.11.30"]
[SourceQuality "1"]

1. d4 e6 2. Bf4 b6 3. Nc3 Bb7 4. e4 Bb4 5. f3 d5 6. Bb5+ c6 7. Be2 c5 8. Bxb8 Rxb8 9. dxc5 Bxc5 10. exd5 exd5 11. Bb5+ Kf8 12. Nge2 a6 13. Ba4 Nf6 14. Qd3 b5 15. Bb3 Qd6 16. 0-0-0 Rd8 17. Kb1 g6 18. Nd4 Kg7 19. g3 Rhe8 20. Rhe1 Qb6 21. Rxe8 Rxe8 22. Nce2 a5 23. a4 bxa4 24. Bxa4 Ba6 25. Nb5 Rb8 26. Nec3 d4 0-1

[Event "Titled Tuesday intern op 27th Sep Early"]
[Site "Chess.com INT"]
[Date "2022.09.27"]
[Round "5"]
[White "Dowgird, Filip"]
[Black "Sovetbekova, Nurai"]
[Result "1-0"]
[WhiteElo "2348"]
[BlackElo "1992"]
[PlyCount "77"]
[EventDate "2022.09.27"]
[EventType "swiss (blitz)"]
[EventRounds "11"]
[EventCountry "USA"]
[SourceTitle "CBM 210 Extra"]
[Source "ChessBase"]
[SourceDate "2022.11.30"]
[SourceVersion "1"]
[SourceVersionDate "2022.11.30"]
[SourceQuality "1"]

1. d4 Nf6 2. Bf4 g6 3. Nc3 d5 4. Nf3 Bg7 5. e3 0-0 6. h4 c5 7. dxc5 Qa5 8. Be5 Nbd7 9. Bd4 Nxc5 10. a3 Nce4 11. b4 Nxc3 12. Bxc3 Qc7 13. Be5 Qc6 14. Qd4 Bg4 15. Bd3 Bxf3 16. gxf3 Nh5 17. Bxg7 Nxg7 18. f4 f6 19. Kd2 e5 20. Qb2 exf4 21. exf4 Qb6 22. Raf1 d4 23. Qb3+ Kh8 24. h5 gxh5 25. Rfg1 Qd6 26. Rh4 Rae8 27. Qa4 a6 28. Qa5 Re6 29. Rxg7 Kxg7 30. Qxh5 Rh8 31. Rg4+ Kf8 32. Qh6+ Ke8 33. Qg7 Rf8 34. Qxb7 Re7 35. Qc8+ Kf7 36. Bc4+ Re6 37. Bxe6+ Qxe6 38. Rg7+ Kxg7 39. Qxe6 1-0

[Event "Titled Tuesday intern op 27th Sep Early"]
[Site "Chess.com INT"]
[Date "2022.09.27"]
[Round "1"]
[White "Dowgird, Filip"]
[Black "Xiong, Jeffery"]
[Result "0-1"]
[WhiteElo "2348"]
[BlackElo "2690"]
[PlyCount "166"]
[EventDate "2022.09.27"]
[EventType "swiss (blitz)"]
[EventRounds "11"]
[EventCountry "USA"]
[SourceTitle "CBM 210 Extra"]
[Source "ChessBase"]
[SourceDate "2022.11.30"]
[SourceVersion "1"]
[SourceVersionDate "2022.11.30"]
[SourceQuality "1"]

1. d4 Nf6 2. Bf4 c5 3. e3 Qb6 4. Na3 cxd4 5. Qxd4 Qd8 6. Nc4 d6 7. Bg5 Nc6 8. Qh4 Be6 9. 0-0-0 Rc8 10. Nf3 Qc7 11. Bxf6 exf6 12. c3 d5 13. Ncd2 Be7 14. Qg3 Qxg3 15. hxg3 Ne5 16. Nb3 Ng4 17. Rd2 0-0 18. Nh2 Ne5 19. Nd4 a6 20. Nhf3 b5 21. Nxe5 fxe5 22. Nxe6 fxe6 23. Kb1 Rf6 24. f4 e4 25. g4 g5 26. g3 Bc5 27. Re2 Rcf8 28. Bg2 Rg6 29. Bh3 Rh6 30. Ree1 Kg7 31. Kc2 Kf7 32. a3 Ke7 33. Kd2 Kd6 34. Ke2 a5 35. Bg2 Rg6 36. Bh3 Rg7 37. Rb1 Ra8 38. Ra1 Rga7 39. Bg2 Rg8 40. Bh3 Rb7 41. Rhd1 Rb6 42. Rd2 Ke7 43. Rdd1 Rg6 44. b4 Bd6 45. bxa5 Ra6 46. a4 Rxa5 47. axb5 Rxb5 48. Rdb1 Rxb1 49. Rxb1 Rh6 50. Bg2 Rg6 51. Bh3 Kd7 52. Rb7+ Bc7 53. Ra7 Kc6 54. Ra8 Rh6 55. Bg2 Rg6 56. Bh3 Rg7 57. Re8 Kd7 58. Rh8 Bd6 59. Kd2 Kc6 60. Re8 Kd7 61. Rh8 Ke7 62. c4 Bb4+ 63. Kc2 Bc5 64. cxd5 exd5 65. Kd2 Bb6 66. Ke2 Kd6 67. fxg5 Ra7 68. g6 hxg6 69. Rh6 Ra2+ 70. Kf1 Bxe3 71. Rxg6+ Ke5 72. Rg8 Rf2+ 73. Ke1 Rh2 74. Bf1 Bf2+ 75. Kd1 Bxg3 76. g5 Bf4 77. g6 Kf6 78. Rd8 Rd2+ 79. Ke1 Kxg6 80. Bc4 dxc4 81. Rxd2 Bxd2+ 82. Kxd2 Kf5 83. Ke3 Ke5 0-1

[Event "Titled Tuesday intern op 27th Sep Early"]
[Site "Chess.com INT"]
[Date "2022.09.27"]
[Round "2"]
[White "Silva, Kevin Ranidu"]
[Black "Dowgird, Filip"]
[Result "0-1"]
[WhiteElo "1788"]
[BlackElo "2348"]
[PlyCount "82"]
[EventDate "2022.09.27"]
[EventType "swiss (blitz)"]
[EventRounds "11"]
[EventCountry "USA"]
[SourceTitle "CBM 210 Extra"]
[Source "ChessBase"]
[SourceDate "2022.11.30"]
[SourceVersion "1"]
[SourceVersionDate "2022.11.30"]
[SourceQuality "1"]

1. e4 d6 2. d4 Nf6 3. Nc3 c6 4. Nf3 Bg4 5. h3 Bh5 6. Be3 e6 7. Be2 d5 8. exd5 cxd5 9. Qd2 Nc6 10. g4 Bg6 11. Bb5 Ne4 12. Nxe4 Bxe4 13. Qe2 Qa5+ 14. c3 h5 15. g5 a6 16. Bxc6+ bxc6 17. 0-0 Qb5 18. Qd1 Qxb2 19. Ne5 f6 20. Nxc6 Qb5 21. Nb4 a5 22. a4 Qc4 23. Na2 Bd6 24. Qd2 fxg5 25. Bxg5 0-0 26. f4 Rf5 27. Nc1 Raf8 28. Ne2 h4 29. Rf2 e5 30. Raf1 exd4 31. Nxd4 Bc5 32. Nxf5 Rxf5 33. Kh2 Qxa4 34. Re2 Qc4 35. Qb2 Bd6 36. Ref2 Rxg5 37. Qb6 Rg6 38. Qd8+ Kh7 39. Qxh4+ Rh6 40. Qg5 Qxc3 41. Rg1 Qxh3# 0-1

[Event "Titled Tuesday intern op 14th Sept"]
[Site "Chess.com INT"]
[Date "2021.09.14"]
[Round "5"]
[White "Dowgird, Filip"]
[Black "Barrionuevo, Pablo"]
[Result "0-1"]
[WhiteElo "2348"]
[BlackElo "2259"]
[PlyCount "112"]
[EventDate "2021.09.14"]
[EventType "swiss (blitz)"]
[EventRounds "11"]
[EventCountry "USA"]
[SourceTitle "EXT 2022"]
[Source "ChessBase"]
[SourceDate "2021.10.06"]
[SourceVersion "1"]
[SourceVersionDate "2021.10.06"]
[SourceQuality "1"]

1. Nf3 d5 2. d3 Nf6 3. Nbd2 e6 4. e4 Be7 5. g3 a5 6. Bg2 a4 7. a3 c5 8. 0-0 0-0 9. Re1 Nc6 10. e5 Nd7 11. Nf1 b5 12. h4 b4 13. h5 Ba6 14. h6 g6 15. N1h2 c4 16. d4 c3 17. bxc3 bxc3 18. Ng4 Rb8 19. Re3 Nb6 20. Rxc3 Nc4 21. Bf1 Na7 22. Bxc4 Bxc4 23. Re3 Rb7 24. Re1 Qc7 25. Bg5 Rfb8 26. Bxe7 Qxe7 27. Nf6+ Kh8 28. Ng5 Nb5 29. Nfxh7 Nc3 30. Qf3 Ne4 31. Nf6 Nxg5 32. Qf4 Nh7 33. Ng4 Qg5 34. Qf3 Qf5 35. Qd1 Ng5 36. f4 Ne4 37. Kg2 Rb2 38. Rc1 Nc3 39. Qf3 Na2 40. Ne3 Qh5 41. g4 Qh4 42. Rh1 Qe7 43. Rcd1 Nc3 44. Rd2 Ne4 45. Rf2 Nxf2 46. Kxf2 R8b3 47. f5 Rxc2+ 48. Nxc2 Rxf3+ 49. Kxf3 gxf5 50. gxf5 Qg5 51. Ne3 Bd3 52. Rc1 Be4+ 53. Ke2 exf5 54. Rc8+ Kh7 55. Rf8 Qh5+ 56. Ke1 f4 0-1

[Event "Titled Tuesday intern op 07th Sept"]
[Site "Chess.com INT"]
[Date "2021.09.07"]
[Round "4"]
[White "Jobava, Baadur"]
[Black "Dowgird, Filip"]
[Result "0-1"]
[WhiteElo "2582"]
[BlackElo "2348"]
[PlyCount "93"]
[EventDate "2021.09.07"]
[EventType "swiss (blitz)"]
[EventRounds "11"]
[EventCountry "USA"]
[SourceTitle "EXT 2022"]
[Source "ChessBase"]
[SourceDate "2021.10.06"]
[SourceVersion "1"]
[SourceVersionDate "2021.10.06"]
[SourceQuality "1"]

1. e4 d6 2. d4 Nf6 3. Nc3 c6 4. g3 e5 5. Nge2 Be7 6. Bg2 b5 7. a3 a5 8. 0-0 Ba6 9. b4 Nbd7 10. Be3 0-0 11. f4 Nb6 12. dxe5 dxe5 13. Qxd8 Bxd8 14. fxe5 Ng4 15. Bc5 Re8 16. e6 fxe6 17. Bh3 h5 18. Nf4 Na4 19. Nce2 Nxc5 20. bxc5 Bc8 21. Nxh5 e5 22. Rf3 Be7 23. Raf1 Bxc5+ 24. Kh1 Ra7 25. Rc3 Nf2+ 26. Rxf2 Bxf2 27. Bf5 c5 28. Rf3 Be1 29. Kg2 b4 30. a4 c4 31. g4 Bh4 32. Rh3 Bg5 33. Nhg3 g6 34. Bxg6 Rd8 35. Bf5 b3 36. cxb3 cxb3 37. Rh5 Bd2 38. Bxc8 Rxc8 39. Rxe5 b2 40. Rb5 Bb4 41. Nd4 b1Q 42. Ndf5 Qc2+ 43. Kh3 Rh7+ 44. Nh5 Qxa4 45. Rb6 Qb3+ 46. Kh4 Be1+ 47. Kg5 0-1

[Event "Wroclaw Anderssen Memorial"]
[Site "Wroclaw"]
[Date "2021.07.31"]
[Round "8"]
[White "Dowgird, Filip"]
[Black "Piesik, Piotr"]
[Result "0-1"]
[WhiteElo "2348"]
[BlackElo "2404"]
[PlyCount "46"]
[EventDate "2021.07.31"]
[EventType "swiss (rapid)"]
[EventRounds "9"]
[EventCountry "POL"]
[SourceTitle "CBM 203 Extra"]
[Source "ChessBase"]
[SourceDate "2021.09.30"]
[SourceVersion "1"]
[SourceVersionDate "2021.09.30"]
[SourceQuality "1"]

1. d4 c5 2. c3 Nf6 3. Bf4 d5 4. e3 e6 5. Nf3 Be7 6. Nbd2 Nc6 7. Ne5 Nxe5 8. dxe5 Nd7 9. Qg4 g5 10. Qh5 gxf4 11. exf4 Qb6 12. 0-0-0 c4 13. f5 exf5 14. e6 Qxe6 15. Bxc4 dxc4 16. Rhe1 Ne5 17. Nxc4 Nd3+ 18. Rxd3 Qxe1+ 19. Rd1 Qe4 20. Ne3 Be6 21. Rd4 Qc6 22. Qh6 Rd8 23. Qg7 Rf8 0-1

[Event "Titled Tuesday intern op 27th July"]
[Site "Chess.com INT"]
[Date "2021.07.27"]
[Round "3"]
[White "Dowgird, Filip"]
[Black "Muradli, Mahammad"]
[Result "0-1"]
[WhiteElo "2348"]
[BlackElo "2461"]
[PlyCount "74"]
[EventDate "2021.07.27"]
[EventType "swiss (blitz)"]
[EventRounds "11"]
[EventCountry "USA"]
[SourceTitle "CBM 203 Extra"]
[Source "ChessBase"]
[SourceDate "2021.09.30"]
[SourceVersion "1"]
[SourceVersionDate "2021.09.30"]
[SourceQuality "1"]

1. d4 Nf6 2. Bf4 d6 3. e3 g6 4. Nf3 Bg7 5. h3 0-0 6. Be2 c5 7. c3 cxd4 8. cxd4 Nc6 9. Nc3 Bf5 10. 0-0 Rc8 11. Qb3 Na5 12. Qb4 Ne4 13. Rfc1 Nxc3 14. bxc3 b6 15. Nd2 Re8 16. Nb3 Nc6 17. Qa3 h5 18. Bb5 Bd7 19. Ba6 Rc7 20. Bg3 Bf5 21. Qb2 e5 22. a4 h4 23. Bh2 Qg5 24. Kh1 Be4 25. Bf1 Rcc8 26. a5 bxa5 27. Nxa5 exd4 28. cxd4 Nxa5 29. f3 Ba8 30. Bf4 Qf5 31. Rxc8 Rxc8 32. Qa2 Nc6 33. Bxd6 Qd7 34. Bf4 Nxd4 35. exd4 Qxd4 36. Qxa7 Qxa1 37. Qxa1 Bxa1 0-1

[Event "Titled Tuesday intern op 13th July"]
[Site "Chess.com INT"]
[Date "2021.07.13"]
[Round "7"]
[White "Dowgird, Filip"]
[Black "Svane, Frederik"]
[Result "1-0"]
[WhiteElo "2348"]
[BlackElo "2438"]
[PlyCount "115"]
[EventDate "2021.07.13"]
[EventType "swiss (blitz)"]
[EventRounds "11"]
[EventCountry "USA"]
[SourceTitle "CBM 203 Extra"]
[Source "ChessBase"]
[SourceDate "2021.09.30"]
[SourceVersion "1"]
[SourceVersionDate "2021.09.30"]
[SourceQuality "1"]

1. d4 Nf6 2. Bf4 Nh5 3. Bg5 h6 4. Bh4 g5 5. e3 gxh4 6. Qxh5 e6 7. Nc3 Qg5 8. Qe2 d5 9. 0-0-0 c6 10. Nf3 Qd8 11. Ne5 Nd7 12. f4 Nf6 13. Qf2 Nd7 14. Be2 Bb4 15. Bh5 Rf8 16. Nb1 Qe7 17. a3 Bd6 18. Nd2 Kd8 19. Ndf3 Kc7 20. Qxh4 Qxh4 21. Nxh4 f6 22. Neg6 Rg8 23. g3 Nb6 24. Rhe1 Bd7 25. e4 Bf8 26. Nxf8 Raxf8 27. b3 a5 28. Kb2 a4 29. Re3 axb3 30. cxb3 dxe4 31. Rxe4 Kd6 32. a4 Ra8 33. Rde1 Ra5 34. Bf7 Rf8 35. Bxe6 Nd5 36. Nf5+ Kc7 37. Bxd5 Rxd5 38. Ne3 Rd6 39. Kc3 Kd8 40. Nc4 Rd5 41. R1e2 Bg4 42. R2e3 Rd7 43. a5 Bf5 44. Nb6 Rc7 45. b4 Bxe4 46. Rxe4 Re7 47. Kd3 f5 48. Re5 Rf6 49. Na4 Rff7 50. Nc5 Kc7 51. Ne6+ Kd6 52. Nd8 Rg7 53. Kc4 Kd7 54. Nxb7 Kc7 55. Nc5 h5 56. Ne6+ Kd6 57. Nxg7 Rxg7 58. Rxf5 1-0

[Event "Titled Tuesday intern op 13th July"]
[Site "Chess.com INT"]
[Date "2021.07.13"]
[Round "6"]
[White "Tsaruk, Maksim"]
[Black "Dowgird, Filip"]
[Result "1/2-1/2"]
[WhiteElo "2324"]
[BlackElo "2348"]
[PlyCount "127"]
[EventDate "2021.07.13"]
[EventType "swiss (blitz)"]
[EventRounds "11"]
[EventCountry "USA"]
[SourceTitle "CBM 203 Extra"]
[Source "ChessBase"]
[SourceDate "2021.09.30"]
[SourceVersion "1"]
[SourceVersionDate "2021.09.30"]
[SourceQuality "1"]

1. e4 d6 2. d4 Nf6 3. Nc3 c6 4. Be3 Qb6 5. Rb1 Ng4 6. Bc1 e5 7. Nge2 Be7 8. f3 Nf6 9. Be3 Qc7 10. g3 Nbd7 11. Bg2 b5 12. Qd2 a6 13. 0-0 0-0 14. h3 Bb7 15. f4 Rfe8 16. g4 b4 17. Nd1 exd4 18. Bxd4 c5 19. Bxf6 Nxf6 20. Ng3 Bf8 21. g5 Nxe4 22. Nxe4 Bxe4 23. Ne3 Qb7 24. Nd5 Qa7 25. Rbe1 Bf5 26. Kh2 Rad8 27. h4 a5 28. h5 c4 29. Ne3 Be6 30. Bd5 c3 31. bxc3 bxc3 32. Qxc3 Rc8 33. Qd3 Bd7 34. g6 hxg6 35. hxg6 Be6 36. Kg3 fxg6 37. Bxe6+ Rxe6 38. Qb3 Qf7 39. f5 gxf5 40. Rxf5 Rg6+ 41. Kf4 Qxb3 42. axb3 Re8 43. Rd1 Rge6 44. Nd5 Re4+ 45. Kf3 R4e5 46. Nc3 Rxf5+ 47. Kg4 Rc5 48. Nd5 Rxd5 49. Rxd5 Re5 50. Rd4 Rc5 51. c4 Kf7 52. Rf4+ Ke7 53. Re4+ Kd7 54. Rf4 Be7 55. Rf7 g5 56. Rh7 Re5 57. Rh8 Kc6 58. Rb8 Kc5 59. Rb5+ Kd4 60. Rb7 Kc3 61. Kh5 Kd4 62. Kg4 Ke4 63. Ra7 Kd4 64. Rb7 1/2-1/2

[Event "Titled Tuesday intern op 08th June"]
[Site "Chess.com INT"]
[Date "2021.06.08"]
[Round "7"]
[White "Dowgird, Filip"]
[Black "Tsyhanchuk, Stanislav"]
[Result "0-1"]
[WhiteElo "2348"]
[BlackElo "2306"]
[PlyCount "82"]
[EventDate "2021.06.08"]
[EventType "swiss (blitz)"]
[EventRounds "11"]
[EventCountry "USA"]
[SourceTitle "CBM 202 Extra"]
[Source "ChessBase"]
[SourceDate "2021.07.31"]
[SourceVersion "1"]
[SourceVersionDate "2021.07.31"]
[SourceQuality "1"]

1. d4 Nf6 2. Bg5 Ne4 3. Bf4 d5 4. f3 Nd6 5. Nc3 c6 6. e4 g6 7. Qd2 Nc4 8. Bxc4 dxc4 9. Nge2 b5 10. a3 a5 11. d5 Bb7 12. Rd1 Bg7 13. d6 e5 14. Bg5 f6 15. Be3 Nd7 16. 0-0 0-0 17. f4 exf4 18. Nxf4 Re8 19. Qe2 Ne5 20. Bc5 Qd7 21. h3 Rab8 22. Qf2 Ba8 23. Rfe1 Bb7 24. Nfe2 Ba6 25. Nd4 Rf8 26. Nf3 Nf7 27. Qd4 Rfe8 28. Qf2 Rf8 29. Ne2 b4 30. axb4 axb4 31. c3 bxc3 32. bxc3 Bb5 33. Nf4 Ba4 34. Rd2 Ne5 35. Qe3 Bh6 36. g4 Bxf4 37. Qxf4 Nd3 38. Qe3 Nxe1 39. Qxe1 Rfe8 40. e5 Rbd8 41. Re2 Qe6 0-1

[Event "Titled Tuesday intern op 08th June"]
[Site "Chess.com INT"]
[Date "2021.06.08"]
[Round "1"]
[White "Juhasz, Agoston Botond"]
[Black "Dowgird, Filip"]
[Result "0-1"]
[WhiteElo "2362"]
[BlackElo "2348"]
[PlyCount "124"]
[EventDate "2021.06.08"]
[EventType "swiss (blitz)"]
[EventRounds "11"]
[EventCountry "USA"]
[SourceTitle "CBM 202 Extra"]
[Source "ChessBase"]
[SourceDate "2021.07.31"]
[SourceVersion "1"]
[SourceVersionDate "2021.07.31"]
[SourceQuality "1"]

1. e4 d6 2. d4 Nf6 3. Nc3 c6 4. g3 Nbd7 5. Bg2 e5 6. Nge2 b5 7. 0-0 b4 8. Nb1 a5 9. f4 Ba6 10. fxe5 dxe5 11. Bg5 Qb6 12. Kh1 h6 13. Be3 exd4 14. Nxd4 Bxf1 15. Qxf1 Bc5 16. c3 0-0 17. Nd2 Rae8 18. Nc4 Qc7 19. Bf4 Qc8 20. Nf5 Re6 21. Rd1 bxc3 22. bxc3 Ng4 23. Nd4 Rg6 24. h3 Ngf6 25. Nf5 Qa6 26. Nh4 Nb6 27. Nxb6 Qxb6 28. Qc4 Rg5 29. Bxg5 hxg5 30. Nf5 Qb5 31. Qxb5 cxb5 32. e5 Nh5 33. Rd5 Rc8 34. Bf3 g6 35. Bxh5 gxf5 36. Rd7 Rf8 37. Rd5 Bf2 38. Kg2 Be1 39. Rxb5 Bxc3 40. Rb7 a4 41. Ra7 Bxe5 42. Rxa4 Rb8 43. Ra7 Rb2+ 44. Kf1 Bxg3 45. Bxf7+ Kf8 46. Be6 Ke8 47. Kg1 Bh2+ 48. Kh1 f4 49. Bd7+ Kd8 50. Bg4 Bg3 51. Rd7+ Ke8 52. Rd1 Rxa2 53. Rb1 Ke7 54. Rf1 Kd6 55. Rb1 Ke5 56. Rb5+ Kd4 57. Rb4+ Ke3 58. Rb3+ Kf2 59. Rb1 Rd2 60. Rd1 Rc2 61. Rb1 f3 62. Rd1 Bf4 0-1